000 01212cam a2200217 4500
001 WB3901-41
008 021219n2002 000 0 eng u
035 _a(Sirsi) u120844
245 _aRisk-based charging approach to waste management regulations
260 _c2002
490 _aRICS Minerals and Waste Management Faculty News
_v18 December 2002 (1)
520 _aThe Environment Agency is proposing to increase charges by an average of 2.5% in 2003-04 to cover its regulation costs for managing Integrated Pollution Control (IPC), Radioactive Substances Regulation (RAS) and Waste Management Licensing (WML). RICS Environment faculty news story http://www.rics.org/ricscms/bin/show?class=News&template=/includes/shownews.html&id=4484&faculty=Environment&faculty=AllFaculties For consultation document for IPC, RAS and WML charging schemes, 2003-04 http://www.environment-agency.gov.uk/yourenv/consultations/403742
590 _aWB
650 _aWASTE MANAGEMENT
650 _aINTEGRATED POLLUTION CONTROL
650 _aRADIOACTIVE MATERIALS
650 _aWASTE MANAGEMENT LICENSING
650 _aENVIRONMENT AGENCY
690 _aENVIRONMENTAL AND LAND CONSULTANCY-WASTE MANAGEMENT
942 _n0
999 _c71822
_d71822